000 00211 a2200073 4500
245 0 _aAvtomaticeskaja proverocnaja apparatura ATS-54 /
_c.
710 2 _aSvjaz'.
_eWydawca
_4pbl
260 _aMoskva :
_bSvjaz',
_c1972.
300 _a140 s.;
_c24 cm.
999 _c3378
_d3378